000 00902cam a2200301 a 4500
001 14279
003 BD-JhCC
005 20250226114232.0
008 050511s2006 caua b 001 0 eng
020 _a0805393757
020 _a0805392130 (instructor)
020 _a0805391924 (high school)
035 _a(BD-JhCC)14279
040 _aDLC
_cDLC
_dDLC
041 _aenglish
050 0 0 _aQC23.2
_b.H488 2006
082 0 0 _a530
_222
_bPAU 2006
100 1 _aHewitt, Paul G.
245 1 0 _aConceptual physics /
_cPaul G. Hewitt.
250 _a10th ed.
260 _aSan Francisco :
_bPearson Addison Wesley,
_c2006.
300 _axix, 788 p. :
_bill. (some col.) ;
_c27 cm.
504 _aIncludes bibliographical references and index.
650 0 _aPhysics
_vTextbooks.
856 4 1 _3Table of contents
_uhttp://www.loc.gov/catdir/toc/ecip0512/2005013760.html
942 _2ddc
_cBK
999 _c14279
_d14279